=LDR 00000nam 2200000 4500 =001 INLIS000000000037519 =005 20181123033555 =035 ##$$a 0010-061300000037519 =008 181123###########################0###### =041 ##$$a Ind =082 ##$$a 741.5 =090 ##$$a 741.5, Jef k =100 ##$$a jeffrey, Gary =245 1#$$a Komik sains, Pekerjaan menantang bahaya : Agen Rahasia, Gary Jeffrey; Alih Bahasa, Yustina Koen S =260 ##$$a 2009 :$b Jakarta =300 ##$$a 48 hlm, Ilus, 27 cm =650 ##$$a Komik Bacaan =850 ##$$a NBPNMAT =710 ##$$a Koen S, Yustina =990 ##$$a 21400613/BPAP-NTB/20142014 =990 ##$$a 85188518 =990 ##$$a 21100919 =990 ##$$a 21400613/BPAP-NTB/20142014